Rotten Tomatoes Best Horror Movies Quiz Stats

 Plays Quiz not verified by Sporcle

Score 0/35 Timer 05:00
0 Plays Today
Hint Answer % Correct
1978Halloween
73.3%
1973The Exorcist
70.5%
1984A Nightmare On Elm Street
70%
1931Dracula
61.8%
1922Nosferatu
61.3%
1960Psycho
60.8%
1931Frankenstein
57.6%
1980The Shining
57.1%
1979Alien
54.8%
1968Night Of The Living Dead
53.9%
1975Jaws
53.9%
1974The Texas Chainsaw Massacre
52.1%
1999The Blair Witch Project
51.6%
1979Dawn Of The Dead
50.7%
1976Carrie
47.9%
2013The Conjuring
47.5%
1968Rosemary's Baby
44.7%
1981The Evil Dead
44.2%
Hint Answer % Correct
1991The Silence Of The Lambs
42.9%
1963The Birds
42.9%
1986Aliens
41%
1982Poltergeist
38.7%
2014The Babadook
29.5%
2015It Follows
27.6%
2004Shaun Of The Dead
26.7%
2012Cabin In The Woods
25.8%
2008Let The Right One In
25.8%
1990Misery
24.9%
1978Invasion Of The Body Snatchers
23%
2009Drag Me To Hell
20.7%
1925Phantom Of The Opera
19.8%
2010Let Me In
18%
1959House On Haunted Hill
16.1%
1985Fright Night
14.3%
1953House Of Wax
12%

You're not logged in!

Compare scores with friends on all Sporcle quizzes.
OR
Log In

Sporcle TV

Today on Sporcle TV


Watch our educational content, quiz creation guides, and fun videos on Sporcle TV.

Show Comments

Extras

Top Quizzes Today


Score Distribution

Your Account Isn't Verified!

In order to create a playlist on Sporcle, you need to verify the email address you used during registration. Go to your Sporcle Settings to finish the process.

Report this User

Report this user for behavior that violates our Community Guidelines.

Details: